000 00421nam a2200181Ia 4500
001 9127
005 20260306160700.0
008 260306t2013||||xx |||||||||||||| ||spa||
041 _aESP
082 _a372.84
_bO671
100 _aVecchini, Silvia
_eAUT
245 0 _aOraciones en pequeños gestos
260 _c2013
300 _a30 páginas :
_c19 cm.
650 _aGEN
654 _aCED
942 _cLIB
_dJUS
_fJUS
_2ddc
_n
999 _c9127
_d9127